Statystyki dla Stolice Świata

Kliknij tutaj aby rozwiązać quiz!

Ogólne statystyki

  • Ten quiz został rozwiązany 45,872 razy
    (41,625 od ostatniego zresetowania)
  • Średni wynik to 70 z 196

Statystyki odpowiedzi

Kraj Stolica % poprawnych
PolskaWarszawa
94%
FrancjaParyż
92%
NiemcyBerlin
91%
CzechyPraga
91%
HiszpaniaMadryt
91%
RosjaMoskwa
90%
AustriaWiedeń
88%
WlochyRzym
88%
Wielka BrytaniaLondyn
88%
GrecjaAteny
88%
BelgiaBruksela
86%
NorwegiaOslo
86%
WatykanWatykan
86%
HolandiaAmsterdam
85%
DaniaKopenhaga
85%
UkrainaKijów
84%
PortugaliaLizbona
84%
BialorusMińsk
83%
FinlandiaHelsinki
82%
MonakoMonako
81%
San MarinoSan Marino
81%
LuksemburgLuksemburg
81%
IrlandiaDublin
81%
LitwaWilno
81%
WegryBudapeszt
80%
ChorwacjaZagrzeb
79%
Stany ZjednoczoneWaszyngton, D.C.
78%
SzwecjaSztokholm
78%
AndoraAndora
77%
SlowacjaBratysława
77%
RumuniaBukareszt
77%
LotwaRyga
76%
BulgariaSofia
76%
JaponiaTokio
74%
ChinyPekin
74%
EstoniaTallinn
72%
SzwajcariaBerno
70%
MeksykMeksyk
69%
Bosnia i
Hercegowina
Sarajewo
68%
AlbaniaTirana
67%
SerbiaBelgrad
62%
BrazyliaBrasília
60%
LiechtensteinVaduz
60%
KanadaOttawa
60%
TurcjaAnkara
59%
IslandiaReykjavík
59%
EgiptKair
57%
Korea PoludniowaSeul
57%
ArgentynaBuenos Aires
57%
MaltaValletta
57%
MoldawiaKiszyniów
56%
Macedonia PółnocnaSkopje
56%
SloweniaLublana
55%
IzraelJerozolima
55%
CzarnogóraPodgorica
53%
IndieNowe Delhi
52%
CyprNikozja
52%
AustraliaCanberra
50%
KosowoPrisztina
49%
KubaHawana
46%
AzerbejdzanBaku
45%
PanamaPanama
44%
IranTeheran
42%
SingapurSingapur
42%
KazachstanNursułtan
42%
Korea PólnocnaPjongjang
42%
PeruLima
42%
UrugwajMontevideo
41%
MongoliaUłan Bator
41%
ChileSantiago
40%
KolumbiaBogota
40%
AlgieriaAlgier
39%
IrakBagdad
39%
SyriaDamaszek
37%
AfganistanKabul
37%
GruzjaTbilisi
37%
WenezuelaCaracas
36%
TajlandiaBangkok
35%
TunezjaTunis
34%
IndonezjaDżakarta
34%
Zjednoczone Emiraty
Arabskie
Abu Zabi
33%
MarokoRabat
33%
ArmeniaErywań
33%
KuwejtKuwejt
33%
FilipinyManila
33%
JamajkaKingston
32%
Republika
Poludniowej
Afryki
Pretoria /
Kapsztad /
Bloemfontein
32%
Arabia SaudyjskaRijad
32%
BoliwiaLa Paz / Sucre
31%
Nowa ZelandiaWellington
31%
Saint Vincent i
Grenadyny
Kingstown
31%
WietnamHanoi
30%
EkwadorQuito
28%
SenegalDakar
27%
PakistanIslamabad
27%
MalezjaKuala Lumpur
26%
MalediwyMale
25%
KeniaNairobi
25%
NepalKatmandu
25%
MadagaskarAntananarywa
24%
GwatemalaGwatemala
24%
EtiopiaAddis Abeba
23%
KatarAd-Dauha
23%
TajwanTajpej
23%
LibanBejrut
23%
SalwadorSan Salvador
23%
JemenSana
22%
BangladeszDhaka
22%
JordaniaAmman
21%
LibiaTrypolis
21%
HaitiPort-au-Prince
20%
ParagwajAsunción
20%
KostarykaSan José
20%
DominikanaSanto Domingo
19%
Sri LankaSri
Dźajawardanapura
Kotte
19%
Demokratyczna
Republika Konga
Kinszasa
19%
LaosWientian
18%
KirgistanBiszkek
18%
AngolaLuanda
18%
GujanaGeorgetown
17%
SudanChartum
17%
UzbekistanTaszkent
17%
OmanMaskat
17%
GhanaAkra
16%
KambodzaPhnom Penh
16%
Gwinea BissauBissau
16%
BahamyNassau
16%
HondurasTegucigalpa
16%
BelizeBelmopan
15%
BahrajnManama
15%
SurinamParamaribo
15%
DzibutiDżibuti
15%
Trynidad i TobagoPort-of-Spain
15%
TadzykistanDuszanbe
15%
NikaraguaManagua
15%
Timor WschodniDili
14%
SomaliaMogadiszu
14%
NigeriaAbudża
13%
CzadNdżamena
13%
BhutanThimphu
13%
Burkina FasoWagadugu
13%
KongoBrazzaville
13%
TurkmenistanAszchabad
13%
Sierra LeoneFreetown
12%
TogoLomé
12%
SeszeleVictoria
12%
ZambiaLusaka
12%
MaliBamako
12%
Antigua i BarbudaSaint John’s
12%
BarbadosBridgetown
12%
ZimbabweHarare
12%
Papua-Nowa GwineaPort Moresby
12%
FidziSuva
12%
ErytreaAsmara
11%
GrenadaSaint George's
11%
RwandaKigali
11%
BruneiBandar Seri
Begawan
11%
BeninPorto-Novo
11%
GabonLibreville
11%
BotswanaGaborone
11%
Wyspy Swietego
Tomasza i Ksiazeca
São Tomé
10%
UgandaKampala
10%
SamoaApia
10%
TanzaniaDodoma
10%
Sudan PoludniowyDżuba
10%
MjanmaNaypyidaw
10%
NigerNiamey
10%
DominikaRoseau
10%
MozambikMaputo
10%
LiberiaMonrovia
10%
KamerunJaunde
10%
MauretaniaNawakszut
9%
GambiaBandżul
9%
NamibiaWindhuk
9%
Wybrzeze Kosci
Sloniowej
Jamusukro
9%
GwineaKonakry
9%
Republika
Srodkowoafrykanska
Bangi
9%
MalawiLilongwe
8%
KomoryMoroni
8%
Wyspy SalomonaHoniara
8%
Saint LuciaCastries
8%
EswatiniMbabane
8%
BurundiGitega
8%
NauruYaren
8%
VanuatuPort Vila
8%
Republika Zielonego
Przyladka
Praia
8%
LesothoMaseru
8%
MauritiusPort Louis
8%
TongaNuku'alofa
7%
Saint Kitts i NevisBasseterre
7%
Gwinea RównikowaMalabo
7%
MikronezjaPalikir
7%
KiribatiTarawa
6%
Wyspy MarshallaMajuro
6%
PalauNgerulmud
6%
TuvaluFunafuti
6%

Rozkład punktacji

Percentyl według liczby udzielonych odpowiedzi

Procent ludzi z każdym wynikiem

Twoja historia wyników

Nie rozwiązałeś tego quizu od ostatniego zresetowania